000
00207 a2200109 4500
020
_a
999243905x
041
_a
spa
100
_a
Roger Matuz Lazo
245
_a
Nuestra Ortografia
942
_c
BK
952
_7
1
999
_c
24272
_d
24272